000 00527nam a22001697a 4500
005 20251108164200.0
008 250721s1999 xx 000 0 ara d
082 1 4 _a351.007/لوز
100 1 _aاللوزي، موسى
245 1 0 _aالتنمية الإدارية :
_bالمفاهيم - الأسس - التطبيقيات /
264 1 _aعمان :
_bدار وائل،
_c1999.
300 _a362ص
650 1 7 _aالإدارة العامة
650 1 7 _aالتنمية الإدارية
942 _2ddc
_cBK
999 _c5699
_d5699